<?xml version="1.0" encoding="UTF-8"?>
<marc:record xmlns:marc="http://www.loc.gov/MARC21/slim">
   <marc:leader>00000nam a2200000 a 4500</marc:leader>
   <marc:datafield ind1="1" ind2=" " tag="100">
      <marc:subfield code="a">Hoffmann, Susann</marc:subfield>
      <marc:subfield code="4">aut</marc:subfield>
      <marc:subfield code="e">Verfasser/-in</marc:subfield>
   </marc:datafield>
   <marc:datafield ind1="0" ind2="0" tag="245">
      <marc:subfield code="a">Kleidung ist für alle da!</marc:subfield>
   </marc:datafield>
   <marc:datafield ind1="0" ind2="0" tag="245">
      <marc:subfield code="b">Kleidung hat kein Gender!</marc:subfield>
   </marc:datafield>
   <marc:datafield ind1=" " ind2="1" tag="264">
      <marc:subfield code="b">Zuckersüß Verlag</marc:subfield>
      <marc:subfield code="c">2021</marc:subfield>
   </marc:datafield>
   <marc:datafield ind1="1" ind2=" " tag="520">
      <marc:subfield code="a">Sind Kleider nur was für Mädchen? Sind Baseballmützen nur was für Jungs? Dieses zauberhafte Pappbilderbuch räumt schon für Kleinkinder mit überholten Rollenbildern auf. "Kleidung ist für alle da" lädt Kinder ein, sich unabhängig von ihrem Geschlecht frei zu entfalten - egal mit welchen Anziehsachen. Sanft und altersgerecht brechen die bunten Doppelseiten mit tradierten Geschlechterklischees und zeigen uns, dass Kinder vor allem eins sein sollten: sie selbst.- Vielfältig, inklusiv und geschlechtergerecht illustriert und geschrieben. Produziert nach den höchsten Standards: nach dem Cradle to CradleTM-Standard klimapositiv auf FSC¯-Papier gedruckt.  Stärkt Selbstbewusstsein und freie Entfaltung schon bei kleinsten Kindern. (Verlagstext). Ab 2</marc:subfield>
   </marc:datafield>
   <marc:datafield ind1=" " ind2=" " tag="020">
      <marc:subfield code="a">9783949315084</marc:subfield>
      <marc:subfield code="9">9783949315084</marc:subfield>
   </marc:datafield>
</marc:record>
